| 000 | 00601cam a2200193 a 4500 | ||
|---|---|---|---|
| 020 | _a0072484640 | ||
| 040 | _cDLC | ||
| 082 | 0 | 0 | _a004 USIN 2003 C275 Or. |
| 100 | 1 | _aSawyer, Stacey C. | |
| 245 | 1 | 0 |
_aUsing information technology : _ba practical introduction to computers & communications : introductory version / |
| 250 | _a5th ed. | ||
| 260 |
_aBoston : _bMcGraw-Hill/Irwin, _cc2003. |
||
| 300 |
_axxvii, 324 p. : _bcol. ill. ; _c28 cm. |
||
| 650 | 0 | _aComputers. | |
| 650 | 0 | _aTelecommunication systems. | |
| 650 | 0 | _aInformation technology. | |
| 700 | 1 | _aWilliams, Brian K., | |
| 942 | _cAEDBB | ||
| 999 |
_c21227 _d21227 |
||